000
00268nam a22001217a 4500
040
_c
SY
082
_a
658
100
_a
ភួង វណ្ណៈ
245
_a
Management and leadership
260
_a
Asia Euro university
_b
ភួង
_c
NA
300
_a
85p.
942
_c
KB
999
_c
8898
_d
8898